Cours de physique générale : a l´usage de l´enseignement supérieur scientifique et technique : /

Guardado en:
Autor Principal: Bruhat, Georges.
Formato: Libro
Idioma:French
Publicado: Paris : Masson, 1956.
Etiquetas: Agregar Etiqueta
Sin Etiquetas, Sea el primero en etiquetar este registro!
LEADER 00499nam a22001455a 4500
001 EUN.um068113
003 AR-BaUNS
005 20050623122932.0
008 041125s1956####fr#a##########000#0#fre#d
245 1 0 |a Cours de physique générale :  |b a l´usage de l´enseignement supérieur scientifique et technique : /  |c Georges Bruhat. 
260 |a Paris :  |b Masson,  |c 1956. 
300 |a 898 p. :  |b ilus. ;  |c 24 cm. 
100 1 |a Bruhat, Georges. 
082 0 4 |a 537 
859 |a Ar-BaUNS  |b BIB. CENTRAL - Sector C  |h 537  |i B834a6e  |p 1285/957